Loading...
| Fine Arts - Visual Fine Arts | 0 | 6 | 0 | 0 | 60 | 37 | 55.17 | 2 | 5 |
| Fine Arts - Classical Music | 0 | 5 | 1 | 2 | 45 | 22 | 69.20 | 2 | 4 |
| Literature - World/Other Literature | 0 | 4 | 1 | 0 | 35 | 68 | 80.25 | 0 | 3 |
| Social Science | 0 | 3 | 0 | 1 | 30 | 33 | 77.67 | 0 | 2 |
| History - American History | 0 | 3 | 0 | 0 | 30 | 60 | 66.67 | 0 | 3 |
| History - Other History | 0 | 3 | 0 | 0 | 30 | 57 | 66.00 | 0 | 2 |
| Literature - American Literature | 0 | 3 | 0 | 0 | 30 | 18 | 51.00 | 2 | 3 |
| Philosophy | 0 | 3 | 0 | 0 | 30 | 50 | 67.67 | 0 | 3 |
| Science - Biology | 0 | 3 | 0 | 0 | 30 | 50 | 77.33 | 0 | 3 |
| Literature - British Literature | 0 | 3 | 2 | 0 | 20 | 73 | 78.67 | 0 | 3 |
| Religion | 0 | 2 | 0 | 0 | 20 | 67 | 94.50 | 0 | 1 |
| History - World History | 0 | 2 | 0 | 0 | 20 | 65 | 65.00 | 0 | 2 |
| Geography/Current Events | 0 | 2 | 0 | 1 | 20 | 67 | 98.50 | 1 | 2 |
| Fine Arts - Other Fine Arts | 0 | 1 | 0 | 1 | 10 | 127 | 127.00 | 0 | 0 |
| Science - Chemistry | 0 | 1 | 0 | 0 | 10 | 109 | 109.00 | 0 | 0 |
| Mythology | 0 | 1 | 0 | 0 | 10 | 56 | 56.00 | 0 | 1 |
| Science - Other Science | 0 | 1 | 0 | 0 | 10 | 78 | 78.00 | 0 | 1 |
| Pop Culture | 0 | 1 | 0 | 0 | 10 | 77 | 77.00 | 0 | 1 |
| Literature - European Literature | 0 | 1 | 1 | 0 | 5 | 73 | 73.00 | 0 | 0 |
| History - European History | 0 | 0 | 1 | 0 | -5 | 0.00 | 0 | 0 |